Normal view
MARC view
Entry Personal Name
001 - CONTROL NUMBER
- control field: 44392
003 - CONTROL NUMBER IDENTIFIER
- control field: ARRUPE
005 - DATE AND TIME OF LATEST TRANSACTION
- control field: 20190205115637.0
008 - FIXED-LENGTH DATA ELEMENTS
- fixed length control field: 190205|| aca||aabn | a|a d
040 ## - CATALOGING SOURCE
- Original cataloging agency: ARRUPE
- Transcribing agency: ARRUPE
100 ## - HEADING--PERSONAL NAME
- Personal name: Bohr, Niels,
- Dates associated with a name: 1885-1962.
- Title of a work: On the application of the quantum theory to atomic structure.
- Number of part/section of a work: Part 1,
- Name of part/section of a work: Fundamental postulates.
670 ## - SOURCE DATA FOUND
- Source citation: Work cat.: (ARRUPE)0: Hughes, Thomas McKenny 44388, Proceedings of the Cambridge Philosophical Society., 1893